00356nam a2200145Ia 45000010006000000050017000060080041000230410008000640820017000721000038000892450058001272600009001856500008001946540008002022476520260414151105.0260414t2016||||xx |||||||||||||| ||spa|| aESP a345.733bG84 aGuadalupe Ramos, Dora AuroraeAUT 0aEl ejercicio de la ética en la función notarialb c2016 aDER aCDE